| 000 | 00534nmm a2200169Ia 4500 | ||
|---|---|---|---|
| 008 | 251105s9999||||xx |||||||||||||||||und|| | ||
| 041 | _aspa | ||
| 100 | _aNavarro Díaz, José Ignacio | ||
| 245 | 0 |
_aAtontados por el fútbol : _b Tipología de padres y entrenadores |
|
| 264 |
_a[Madrid, España] : _bLantia, _c2016 |
||
| 300 | _a0 páginas | ||
| 650 | _aTravel & Sports | ||
| 700 | _aNavarro Díaz, José Ignacio | ||
| 700 | 1 | _a Martín Barrero, Alberto | |
| 856 | _uhttps://public.digitaliapublishing.com/a/87517 | ||
| 942 | _cCF | ||
| 999 |
_c69296 _d69296 |
||